000 00783nam a2200181zi 4500
999 _c20126
_d48124
005 20180315053406.0
037 _aBC_1401 51/A-B
_fbroch
040 _aBC-ENSA
_bfre
041 _afre
_bfre
110 _aOffice national des statistiques. Direction technique chargée des statistiques économiques et du suivi de la conjoncture
245 _aIndices des prix à la production industrielle 1994-2005
_bindices des prix de gros des fruits et légumes 1995-2005
260 _bONS
_aAlger
_c2006
300 _bill.
_a59 p.
_c30 cm
562 _e02 exemplaire(s)
942 _c09
490 _a1589
653 _aINDUSTRIE/PRIX/VALEUR AJOUTEE/COMMERCE EXTERIEUR/ENERGIE/PRIX DE GROS/FRUITS/LEGUME